| 000 | 00523nam a22001817a 4500 | ||
|---|---|---|---|
| 005 | 20251108170126.0 | ||
| 008 | 250721s2001 xx 000 0 ara d | ||
| 082 | 1 | 4 | _a415.1/فلي |
| 100 | 1 | _aفليح، أحمد | |
| 245 | 1 | 0 | _aفي الأدوات النحوية / |
| 264 | 1 |
_aعمان : _bالمركز القومي، _c2001. |
|
| 300 | _a191ص | ||
| 490 | 0 | _aسلسلة دراسات نحوية ؛ 3 | |
| 650 | 1 | 7 | _aاللغة العربية |
| 650 | 1 | 7 | _aقواعد اللغة |
| 942 |
_2ddc _cBK |
||
| 999 |
_c40340 _d40340 |
||